Most Popular Movie Series of All Time - Statistics

General Stats
  • This quiz has been taken 2,251 times
  • The average score is 16 of 20
Answer Stats
Hint Answer % Correct
Philosopher's Stone, Chamber of Secrets, Prisoner of Azkaban Harry Potter
98%
A New Hope, The Empire Strikes Back, Return of the Jedi Star Wars
97%
_______ Begins, The Dark Knight, The Dark Knight Rises Batman
95%
The Fellowship of the Ring, The Two Towers, The Return of the King The Lord of the Rings
94%
2 Fast 2 Furious, Tokyo Drift, Fast Five The Fast and the Furious
90%
New Moon, Eclipse, Breaking Dawn The Twilight Saga
88%
Raiders of the Lost Ark, Temple of Doom, The Last Crusade Indiana Jones
87%
Dr. No, From Russia With Love, Goldfinger James Bond
85%
Iron Man, The Incredible Hulk, Thor Marvel Cinematic Universe
82%
_____The Third, _____Forever After, Puss in Boots Shrek
82%
Dead Man's Chest, At World's End, On Stranger Tides Pirates of the Caribbean
79%
X2, The Last Stand, Origins X-Men
77%
Judgement Day, Rise of the Machines, Salvation Terminator
75%
___ ____ 2, ___ ____with a Vengance, Live Free or ___ ____ Die Hard
70%
Reloaded, Revolutions The Matrix
68%
The Meltdown, Dawn of the Dinosaurs, Continental Drift Ice Age
67%
International Man of Mystery, The Spy Who Shagged Me, _______ _______in Goldmember Austin Powers
66%
Revenge of the Fallen, Dark of the Moon Transformers
64%
_____________II, ___________III, Ghost Protocol Mission: Impossible
62%
The Lion, the Witch, and Wardrobe, Prince Caspian, The Voyage of the Dawn Treader The Chronicles of Narnia
62%
No matching quizzes found
Score Distribution
Percent of People with Each Score
Percentile by Number Answered
Your Score History
You have not taken this quiz